Sports Quiz

Random Sports or Basketball Quiz

Duke Basketball Facts 2015-2016 Quiz Stats

 Plays Quiz not verified by Sporcle

Score 0/21 Timer 10:00
0 Plays Today
Hint Answer % Correct
GuardGrayson Allen
89.4%
Guard/ForwardBrandon Ingram
78.2%
GuardMatt Jones
77.5%
CenterMarshall Plumlee
76.8%
ForwardAmile Jefferson
76.1%
ConferenceACC
75.4%
GuardLuke Kennard
74.6%
Coach Mike Krzyzewski
69.7%
NCAA Tournament Sweet Sixteen opponentOregon
66.4%
Home StadiumCameron Indoor Stadium
64.8%
Forward/CenterChase Jeter
60.6%
Hint Answer % Correct
ACC Tournament Quarterfinal opponentNotre Dame
55.6%
Guard Derryck Thornton
51.4%
NCAA Tournament Round of 32 opponentYale
50%
ForwardSean Obi
43.7%
NCAA Tournament Round of 64 opponentUNC-Wilmington
40.1%
Forward Justin Robinson
35.9%
CenterAntonio Vrankovic
34.5%
GuardBrennan Besser
34.5%
GuardNick Pagliuca
33.8%
ACC Tournament Second round opponentNorth Carolina State
32.4%

You're not logged in!

Compare scores with friends on all Sporcle quizzes.
OR
Log In

Show Comments

Extras

Top Quizzes Today


Score Distribution

Your Account Isn't Verified!

In order to create a playlist on Sporcle, you need to verify the email address you used during registration. Go to your Sporcle Settings to finish the process.

Report this User

Report this user for behavior that violates our Community Guidelines.

Details: